Leaders at all levels : Deepening your talent pool to solve the succession crisis
Gardado en:
| Autor Principal: | |
|---|---|
| Formato: | Sách |
| Idioma: | Undetermined |
| Publicado: |
Jossey-Bass
2008
|
| Những chủ đề: | |
| Các nhãn: |
Engadir etiqueta
Sen Etiquetas, Sexa o primeiro en etiquetar este rexistro!
|
| Thư viện lưu trữ: | Trung tâm Thư viện - Trường Đại học Công nghiệp TP. Hồ Chí Minh |
|---|
| LEADER | 00520nam a2200157Ia 4500 | ||
|---|---|---|---|
| 001 | UIH_04584 | ||
| 008 | 231011s9999 xx 000 0 und d | ||
| 082 | |a 658.4092 | ||
| 100 | |a Charan, Ram | ||
| 245 | 0 | |a Leaders at all levels : Deepening your talent pool to solve the succession crisis | |
| 245 | 0 | |c Charan, Ram | |
| 260 | |b Jossey-Bass | ||
| 260 | |c 2008 | ||
| 650 | |a Người quản lý; | ||
| 927 | |a Sách | ||
| 980 | |a Trung tâm Thư viện - Trường Đại học Công nghiệp TP. Hồ Chí Minh | ||